| 000 | 00541nam a2200193 a 4500 | ||
|---|---|---|---|
| 001 | 0094 | ||
| 005 | 20140414131907.0 | ||
| 008 | 040728s19uu xx 00 eng d | ||
| 020 | _a0-84135-065-6 | ||
| 050 |
_aFIC _bB56 1989 |
||
| 100 | _aBlyton, Enid | ||
| 245 |
_aMagic needle and other stories / _cby Enid Blyton ; illustrated by Val Biro. |
||
| 260 |
_aLondon : _bAward Publications, _c1989. |
||
| 300 | _a190 p. : ill. ; cm. | ||
| 440 | _aEnid Blyton | ||
| 650 | _aShort stories. | ||
| 650 | _aChildren stories. | ||
| 999 |
_c110991 _d110991 |
||